Statistics for Random Celebrity Caricatures Picture Quiz

Click here to take the quiz!

General Stats

  • This quiz has been taken 1,346 times
  • The average score is 7 of 10

Answer Stats

HintAnswer% Correct
Barack Obama
92%
Donald Trump
91%
Will Smith
88%
Snoop Dog
87%
Justin Bieber
86%
Hillary Clinton
84%
Kim Jong Un
82%
Morgan Freeman
74%
Brad Pitt
73%
Boris Johnson
69%
Bruce Willis
65%
Daniel Craig
65%
Lebron James
64%
Jim Carrey
63%
Mark Zuckerberg
63%
George Clooney
62%
Melania Trump
61%
Wayne Rooney
53%
Leonardo Di Caprio
51%
Robert De Niro
36%

Score Distribution

Percentile by Number Answered

Percent of People with Each Score

Your Score History

You have not taken this quiz